| 000 | 00756nam a22002417a 4500 | ||
|---|---|---|---|
| 999 |
_c5802 _d5802 |
||
| 003 | OSt | ||
| 005 | 20251113082510.0 | ||
| 008 | 251113b ||||| |||| 00| 0 eng d | ||
| 020 | _z9781444959871 | ||
| 040 | _cKH8 | ||
| 082 | 0 | 4 | _a823.912 BLY |
| 100 | 1 |
_aBlyton, Enid _eauthor |
|
| 245 | 1 | 4 |
_aThe land of silly school _cEnid Blyton |
| 250 | _aNew edition | ||
| 264 | 1 |
_a50 Victoria Embankment London EC4Y 0DZ _bHodder Children's Books _c2021 |
|
| 300 |
_a74 pages _bColour illustrations |
||
| 500 | _aThis edition originally published: London: Egmont, 2017. | ||
| 650 | 7 |
_aJuvenile Fiction _2Adventure |
|
| 650 | 7 |
_aJuvenile Fiction _2Fantasy and Magic |
|
| 655 | 0 | _aChildren's stories | |
| 700 | 1 |
_aPaterson, Alex _eillustrator |
|
| 942 |
_2ddc _cFIC |
||